| Tag |
First Indicator |
Second Indicator |
Subfields |
| LEADER |
00000cam a2200000 4500 |
| 001 |
in00000025534 |
| 005 |
20151007062456.0 |
| 008 |
750929s1955 ilua 00010 eng |
| 010 |
|
|
|a 55012443
|
| 035 |
|
|
|a (OCoLC)01662726
|
| 035 |
|
|
|9 AAD4992AM
|
| 040 |
|
|
|a DLC
|c DZM
|d TXA
|d UtOrBLW
|
| 049 |
|
|
|a TXAM
|c [263472]
|
| 050 |
0 |
0 |
|a T359
|b .G5
|
| 090 |
|
|
|a T359
|b .G5 1955
|
| 092 |
|
|
|a 744
|b G429a
|
| 100 |
1 |
|
|a Giachino, Joseph William,
|d 1906-2000.
|
| 245 |
1 |
0 |
|a American Technical Society's freehand sketching /
|c [by] J. W. Giachino [and] Henry J. Beukema.
|
| 264 |
|
1 |
|a Chicago :
|b American Technical Society,
|c 1955.
|
| 300 |
|
|
|a 93 pages :
|b illustrations ;
|c 26 cm.
|
| 336 |
|
|
|a text
|b txt
|2 rdacontent
|
| 337 |
|
|
|a unmediated
|b n
|2 rdamedia
|
| 338 |
|
|
|a volume
|b nc
|2 rdacarrier
|
| 650 |
|
0 |
|a Mechanical drawing.
|
| 650 |
|
0 |
|a Drawing
|x Study and teaching.
|
| 700 |
1 |
|
|a Beukema, Henry John,
|d 1915-
|
| 710 |
2 |
|
|a American Technical Society.
|
| 948 |
|
|
|a C:BLW
|
| 999 |
|
|
|a MARS
|
| 999 |
f |
f |
|s 6ad3e57d-5688-30e7-8977-c91c1afd08e4
|i bee7974b-85ef-31a9-a073-ca223d0816b0
|t 0
|
| 952 |
f |
f |
|p ric
|a Texas A&M University
|b Rellis Campus
|c Joint Library Facility
|d Remote Storage
|t 0
|e T359 .G5 1955
|h Library of Congress classification
|i unmediated -- volume
|m A14822110315
|
| 998 |
f |
f |
|a T359 .G5 1955
|t 0
|l Remote Storage
|